000 00364nam a22001697a 4500
003 CEME
005 20210628203629.0
008 210317b xxu||||| |||| 00| 0 eng d
020 _a0-672-21932-8
040 _c.
082 _a621.3815 JUN
245 _aIc timer cookbook
250 _a2ND
260 _aUSA
_bSAMA
_c1990
300 _a184P
942 _cBK
_2ddc
999 _c574569
_d574569